00673 2200229 4500001002100000005001500021035002000036007000300056008004100059020002200100082001000122084001600132100002200148245011200170250001000282260003600292300003700328650003400365700002200399990001100421990001100432INLIS00000000000440220191107094600 a0010-1119000029ta191107 g 0 ind  a978-602-6948-72-4 a001.4 a001.4 JON p0 aJONATHAN, Sarwono1 aProsedur-Prosedur Populer Statistik untuk Analisis Data Riset Skripsi /cJonathan Sarwono, Hendra Nur Salim acet.1 aYogyakarta :bGava Media,c2017 axiv, 360 hlm. :bilus. ;c23 cm. 4aPENGETAHUAN. METODE STATISTIK0 aHENDRA, Nur Salim a7115 a a7115 b